ISO 26000 in practice : a user guide /

Bibliographic Details
Main Authors: Bernhart, Michelle, (Author), Maher, Sonny, (Author)
Format: eBook
Language:English
Published: Milwaukee, Wisconsin : ASQ Quality Press, 2011.
Subjects:
Online Access:Click to View
LEADER 02944nam a2200421 i 4500
001 EBC3002638
003 MiAaPQ
005 20200520144314.0
006 m o d |
007 cr cnu||||||||
008 101213s2011 wiua obf 001 0 eng|d
020 |z 9780873898126 (soft cover : alk. paper) 
020 |z 0873898125 (soft cover : alk. paper) 
020 |a 9780873898126  |q (electronic bk.) 
035 |a (MiAaPQ)EBC3002638 
035 |a (Au-PeEL)EBL3002638 
035 |a (CaPaEBR)ebr10929603 
035 |a (OCoLC)893681238 
040 |a MiAaPQ  |b eng  |e rda  |e pn  |c MiAaPQ  |d MiAaPQ 
050 4 |a HD60  |b .B47 2011 
082 0 |a 658.4/08  |2 22 
100 1 |a Bernhart, Michelle,  |e author. 
245 1 0 |a ISO 26000 in practice :  |b a user guide /  |c Michelle S. Bernhart and Francis J. "Sonny" Maher. 
264 1 |a Milwaukee, Wisconsin :  |b ASQ Quality Press,  |c 2011. 
300 |a 1 online resource (144 pages) :  |b illustrations 
336 |a text  |2 rdacontent 
337 |a computer  |2 rdamedia 
338 |a online resource  |2 rdacarrier 
504 |a Includes bibliographical references and index. 
505 0 |a Building the social responsibility foundation -- Determining your social responsibility destination -- Beginning the paradigm shift -- Planning for social responsibility implementation : the self-assessment -- Planning for social responsibility implementation : identify and build the team -- Implementing social responsibility -- Key factors for implementing the standard -- Determining the sphere of influence -- Identifying and prioritizing stakeholders -- Conducting due diligence -- Identifying relevant and significant issues -- Conducting a social responsibility gap analysis -- Using your current management system(s) with ISO 26000 -- Choosing new systems or tools to implement your social responsibility strategy -- Integrating, measuring, and reviewing social responsibility performance -- Communicating, monitoring, and improving social responsibility -- Applying communications principles -- Building stakeholder engagement and aligning communications -- Developing key messages and planning internal and external communications -- Reporting -- Enhancing credibility -- Monitoring and improving performance. 
588 |a Description based on print version record. 
590 |a Electronic reproduction. Ann Arbor, MI : ProQuest, 2015. Available via World Wide Web. Access may be limited to ProQuest affiliated libraries. 
650 0 |a Social responsibility of business  |x Standards  |v Handbooks, manuals, etc. 
655 4 |a Electronic books. 
700 1 |a Maher, Sonny,  |e author. 
776 0 8 |i Print version:  |a Bernhart, Michelle.  |t ISO 26000 in practice : a user guide.  |d Milwaukee, Wisconsin : ASQ Quality Press, 2011  |h xi, 130 pages ; 23 cm  |z 9780873898126  |w (OCoLC)ocn692666972  |w (DLC)10929603 
797 2 |a ProQuest (Firm) 
856 4 0 |u https://ebookcentral.proquest.com/lib/matrademy/detail.action?docID=3002638  |z Click to View